000 01046nam a2200325Ia 4500
005 20220317001750.0
008 170328s2003 m g 000 0 s
020 _a9681652053
041 _aspa
082 0 4 _a808
_bK14e
100 1 _aKalman, Judith
245 1 0 _aEscribir en la plaza
_cJudith Kalman ; traducción de Victoria Ana Schussheim
250 _a1a. edición
300 _a237 páginas
_c21 cm
490 _aEspacios para la lectura
500 _aIncluye biográficos de la autora
504 _aIncluye bibliografía
534 _tWriting on the plaza
650 1 4 _2LEMB
_aComunicación escrita
650 1 4 _2LEMB
_aEscritura
_xAspectos sociales
650 1 4 _2LEMB
_aPromoción de la escritura
650 1 4 _2LEMB
_aArte de escribir
700 1 _aSchussheim, Victoria
_911782
942 _2ddc
_cBKLIT
264 _aMéxico
_bFondo de Cultura Económica
_c2003
336 _atexto
_btxt
_2rdacontent
337 _asin mediación
_bn
_2rdamedia
338 _avolumen
_bnc
_2rdacarrier
040 _aCO-BoRNBP
_bspa
_erda
_cCO-BoRNBP
999 _c8019
_d8019